| 000 | 00447nam a22001697a 4500 | ||
|---|---|---|---|
| 005 | 20240902114354.0 | ||
| 008 | 240831b |||||||| |||| 00| 0 eng d | ||
| 020 | _a81-88867-80-2 | ||
| 041 | _aeng | ||
| 082 | _a174.2 RAJ | ||
| 100 |
_aRAJA,KAVIHA , FIDDY, DAVIS AND T, SIVA KUMAR _98474 |
||
| 245 | _aETHICAL ISSUES: PERSPECTIVES FOR THE PHESIOTHERAPISTS | ||
| 260 |
_aNEW DELHI _bPEEPEE |
||
| 300 | _a116;P | ||
| 650 | _aBPT | ||
| 942 | _cBK | ||
| 999 |
_c8601 _d8599 |
||